| 000 | 00437pab a2200169 454500 | ||
|---|---|---|---|
| 008 | 180718b2018 xxu||||| |||| 00| 0 eng d | ||
| 100 | _aIyer, Parameswaran | ||
| 245 | _aRole of behaviour change communication in achieving a swachh bharat | ||
| 260 | _c2018 | ||
| 300 | _ap.34-36. | ||
| 362 | _aFeb | ||
| 650 | _aSwach Bharat Mission | ||
| 650 | _aCommunication | ||
| 650 | _aSwachh bharat | ||
| 773 | _aYojana | ||
| 909 | _a117169 | ||
| 999 |
_c117163 _d117163 |
||